Szczegóły MARC21

Der Kinder Brockhaus : bei mir zu Hause /

003 -Nazwa inst., której nr kontr. jest w polu 001 [,]
    • @
    • Nazwa instytucji, której n kontrolny jest w polu 001
    • NUKAT
005 -DATA I CZAS OSTATNIEJ MODYFIKACJI [,]
    • @
    • pole kontrolne
    • 20250606081139.0
020 -Międzynarod. znormalizowany nr książki - ISBN [ , ]
    • a
    • Numer ISBN
    • 9783577076135 Find
    • q
    • Dopowiedzenie
    • (oprawa twarda)
040 -Instytucja sporządzająca opis [ , ]
    • a
    • Instytucja, która sporządziła opis (NP)
    • SZCZ U/AB
    • b
    • Język katalogowania
    • pol
    • e
    • Zasady katalogowania
    • rda
    • c
    • Instytucja, która sporządziła rekord (NP)
    • SZCZ U/ABs
942 -Rodzaj dokumentu [ , ]
    • c
    • Rodzaj dokumentu
    • Książka
245 -Strefa tytułu i oznaczenia odpowiedzialności [0,4]
    • a
    • Tytuł
    • Der Kinder Brockhaus : Find
    • b
    • Ciąg dalszy tytułu (NP)
    • bei mir zu Hause / Find
    • c
    • Pozostałe elementy strefy tytułu i oznaczenia odpowiedzialności (NP)
    • mit Bildern von Renate Seelig.
246 -Wariant tytułu [3,0]
    • a
    • Tytuł (NP)
    • Bei mir zu Hause
260 -Strefa adresu wydawniczego [ , ]
    • a
    • Miejsce wydania (P)
    • Gütersloh :
    • b
    • Nazwa wydawcy (P)
    • F. A. Brockhaus/wissenmedia in der inmediaONE GmbH,
    • c
    • Data wydania (P)
    • © 2011.
300 -Strefa opisu fizycznego [ , ]
    • a
    • Określenie formy książki i/lub objętość (NP)
    • [26] stron :
    • b
    • Oznaczenie ilustracji (NP)
    • ilustracje ;
    • c
    • Format (NP)
    • 19 x 19 cm.
336 -Typ zawartości [ , ]
    • a
    • Termin opisujący typ zawartości
    • Obraz
    • b
    • Kod określający zawartość
    • sti
    • 2
    • Źródło (terminu i kodu)
    • rdacontent
336 -Typ zawartości [ , ]
    • a
    • Termin opisujący typ zawartości
    • Tekst
    • b
    • Kod określający zawartość
    • txt
    • 2
    • Źródło (terminu i kodu)
    • rdacontent
337 -Typ mediów [ , ]
    • a
    • Tryb odtwarzania
    • Bez urządzenia pośredniczącego
    • b
    • Kod typu mediów
    • n
    • 2
    • Źródło (terminu i kodu)
    • rdamedia
338 -Typ/rodzaj nośnika [ , ]
    • a
    • Hasło opisujące typ nośnika
    • Wolumin
    • b
    • Kod typu nośnika
    • nc
    • 2
    • Źródło (terminu i kodu)
    • rdacarrier
490 -Strefa serii i książki wielotomowej - forma nie do wyszukiwania [1, ]
    • a
    • Tytuł (P)
    • Hören und Entdecken Find
830 -Hasło dodatkowe serii i opisu książki wielotomowej - tytuł ujednolicony/tytuł [ ,0]
    • a
    • Tytuł ujednolicony/tytuł (NP)
    • Hören und Entdecken
    • 9
    • KHW
    • 726342
500 -Uwaga ogólna [ , ]
    • a
    • Uwaga ogólna (NP)
    • Brak paginacji.
650 -Hasło przedmiotowe [ ,7]
    • a
    • Hasło przedmiotowe
    • Książki ilustrowane dla dzieci
    • v
    • Określnik formalny
    • wydawnictwa dla młodzieży.
    • 2
    • Źródło terminu
    • kaba
    • 9
    • KHW
    • 726383
650 -Hasło przedmiotowe [ ,7]
    • a
    • Hasło przedmiotowe
    • Życie rodzinne
    • v
    • Określnik formalny
    • książki obrazkowe.
    • 2
    • Źródło terminu
    • kaba
    • 9
    • KHW
    • 726385
700 -Hasło dodatkowe - nazwa osobowa [1, ]
    • a
    • Nazwa osobowa (NP)
    • Seelig, Renate Find
    • d
    • Daty biograficzne (NP)
    • (1938- ).
    • e
    • Określenie rodzaju współpracy
    • Ilustracje
    • 9
    • KHW
    • 726333
710 -Hasło dodatkowe - nazwa ciała zbiorowego [2, ]
    • a
    • Nazwa ciała zbiorowego lub nazwa geograficzna jako pierwszy element (NP)
    • Verlag F. A. Brockhaus/wissenmedia in der inmediaONE.
    • e
    • Rodzaj współpracy
    • Wydawca
    • 4
    • Kod relacji
    • pbl
    • 9
    • KHW
    • 726343
920 -ISBN [ , ]
    • a
    • ISBN
    • 978-3-577-07613-5 (oprawa twarda) Find
Numer inwentarzowy Status udost. Sygnatura Lokalizacja Data inwentaryzacji
BJM.5742-3Germ. Literatura dla dzieci 18BM2024-12-24